000 00650nam a2200217Ia 4500
003 BUBTL
008 151213s9999 xx 000 0 und d
020 _a984 - 4002559
082 _a338.8/HaI
100 _aHaque, A. T. M. Faizul & Md. Liton Ali
_93759
245 _aIntroduction To Business
_cA. T. M. Faizul Haque & Md. Liton Ali
250 _a1st
260 _aDhaka
_bAbir Published
_cc2007
300 _a4280 p.176p . :
_bill . ; 23cm.
650 _aBusiness
_93760
650 _aBusiness
_93760
700 _aA. T. M. Faizul Hapue & Md. Liton Ali
_93761
856 _k0
_l0
_yDownload
942 _2ddc
_cBK
999 _c2700
_d2700